<?xml version="1.0" encoding="UTF-8"?><?xml-stylesheet type="text/xsl" href="static/style.xsl"?><OAI-PMH xmlns="http://www.openarchives.org/OAI/2.0/" xmlns:xsi="http://www.w3.org/2001/XMLSchema-instance" xsi:schemaLocation="http://www.openarchives.org/OAI/2.0/ http://www.openarchives.org/OAI/2.0/OAI-PMH.xsd"><responseDate>2026-04-17T05:50:54Z</responseDate><request verb="GetRecord" identifier="oai:www.recercat.cat:2445/178266" metadataPrefix="marc">https://recercat.cat/oai/request</request><GetRecord><record><header><identifier>oai:recercat.cat:2445/178266</identifier><datestamp>2025-12-05T14:59:21Z</datestamp><setSpec>com_2072_1057</setSpec><setSpec>col_2072_478917</setSpec><setSpec>col_2072_478937</setSpec></header><metadata><record xmlns="http://www.loc.gov/MARC21/slim" xmlns:dcterms="http://purl.org/dc/terms/" xmlns:xsi="http://www.w3.org/2001/XMLSchema-instance" xmlns:doc="http://www.lyncode.com/xoai" xsi:schemaLocation="http://www.loc.gov/MARC21/slim http://www.loc.gov/standards/marcxml/schema/MARC21slim.xsd">
   <leader>00925njm 22002777a 4500</leader>
   <datafield ind2=" " ind1=" " tag="042">
      <subfield code="a">dc</subfield>
   </datafield>
   <datafield ind2=" " ind1=" " tag="720">
      <subfield code="a">Escofet Roig, Anna</subfield>
      <subfield code="e">author</subfield>
   </datafield>
   <datafield ind2=" " ind1=" " tag="260">
      <subfield code="c">2021-06-13T09:16:16Z</subfield>
   </datafield>
   <datafield ind2=" " ind1=" " tag="260">
      <subfield code="c">2021-06-13T09:16:16Z</subfield>
   </datafield>
   <datafield ind2=" " ind1=" " tag="260">
      <subfield code="c">2020-01-02</subfield>
   </datafield>
   <datafield ind2=" " ind1=" " tag="260">
      <subfield code="c">2021-06-13T09:16:16Z</subfield>
   </datafield>
   <datafield ind2=" " ind1=" " tag="520">
      <subfield code="a">El uso generalizado de las tecnologías digitales junto con la extensión de las redes sociales ha creado nuevos espacios de comunicación y de encuentro en los que personas y actores sociales y políticos entran en interconexión. Ello abre espacios y posibilidades diversas de participación digital de manera más accesible, instantánea, continuada, igualitaria y personalizada. Las tecnologías digitales facilitan, en primer lugar, la distribución y el acceso a la información, lo que permite acceder de manera autónoma y sencilla al ámbito público sin depender de la intermediación de las organizaciones informativas profesionales. En segundo lugar, permiten la comunicación interactiva, lo cual las convierte en un instrumento de interpelación directa que propicia la revitalización de las prácticas deliberativas que forman parte del ideal democrático. En tercer lugar, la interacción propiciada por las tecnologías digitales facilita la organización y eficacia de redes cívicas y espacios de movilización ciudadana. Finalmente, la participación mediada por las tecnologías digitales tiene implicaciones para la identidad personal y social, convirtiendo a las personas en ciudadanos del mundo y en miembros de una comunidad en la que el tiempo y el espacio desaparecen, confrontando actitudes y valores de distintos grupos que están obligados a redefinir sus concepciones para arbitrar su participación. Unir las tecnologías digitales con proyectos de aprendizaje-servicio facilita que jóvenes, niñas y niños experimenten de forma real la solidaridad, la responsabilidad y el servicio a los otros, así como la satisfacción por los objetivos conseguidos. En definitiva, facilita conseguir el desarrollo de una ciudadanía responsable y consciente.</subfield>
   </datafield>
   <datafield tag="653" ind2=" " ind1=" ">
      <subfield code="a">Innovacions tecnològiques</subfield>
   </datafield>
   <datafield tag="653" ind2=" " ind1=" ">
      <subfield code="a">Alfabetització tecnològica</subfield>
   </datafield>
   <datafield tag="653" ind2=" " ind1=" ">
      <subfield code="a">Technological innovations</subfield>
   </datafield>
   <datafield tag="653" ind2=" " ind1=" ">
      <subfield code="a">Technological literacy</subfield>
   </datafield>
   <datafield ind2="0" ind1="0" tag="245">
      <subfield code="a">Aprendizaje-servicio y tecnologías digitales: ¿una relación posible?</subfield>
   </datafield>
</record></metadata></record></GetRecord></OAI-PMH>